Central provinces and berar state aid to industries act, 1933 (Record no. 498236)

000 -LEADER
fixed length control field 00393cam a22001097a 4500
008 - FIXED-LENGTH DATA ELEMENTS--GENERAL INFORMATION
fixed length control field 180718b1955 xxu||||| |||| 00| 0 eng d
082 ## - DEWEY DECIMAL CLASSIFICATION NUMBER
Classification number U03x65422 M264
245 ## - TITLE STATEMENT
Title Central provinces and berar state aid to industries act, 1933
Statement of responsibility, etc. by Central Provinces and Berar, Madhya Pradesh
260 ## - PUBLICATION, DISTRIBUTION, ETC.
Place of publication, distribution, etc. Nagpur
Name of publisher, distributor, etc. Government Press
Date of publication, distribution, etc. 1955
300 ## - PHYSICAL DESCRIPTION
Extent 30p
700 ## - ADDED ENTRY--PERSONAL NAME
Personal name Madhya Pradesh. Central Provinces and Berar
Holdings
Withdrawn status Lost status Damaged status Not for loan Permanent Location Current Location Date acquired Full call number Barcode Date last seen Price effective from Koha item type
        Indian Institute of Public Administration Indian Institute of Public Administration 2018-08-04 U03x65422 M264 G323 2018-08-04 2018-08-04 G

Powered by Koha